Statistics for Guess all the western hemisphere countries.

Click here to take the quiz!

General Stats

  • This quiz has been taken 16 times
    (12 since last reset)
  • The average score is 34 of 35

Answer Stats

HintAnswer% Correct
South AmericaArgentina
100%
CarribeanBahamas
100%
South AmericaBolivia
100%
South AmericaBrazil
100%
North AmerciaCanada
100%
South AmericaChile
100%
South AmericaColombia
100%
Latin AmericaCosta Rica
100%
CarribeanCuba
100%
CarribeanDominica
100%
CarribeanDominican Republic
100%
Latin AmericaEl Salvador
100%
Latin AmerciaGuatemala
100%
South AmericaGuyana
100%
Latin AmericaHonduras
100%
Latin AmericaMexico
100%
Latin AmericaNicaragua
100%
Latin AmericaPanama
100%
South AmericaParaguay
100%
South AmericaPeru
100%
CarribeanSt.Kitts/Saint.Kitts
100%
CarribeanSt.Lucia/Saint.Lucia
100%
South AmericaSuriname
100%
North AmericaUnited States of America/ USA
100%
South AmericaVenezuela
100%
CarribeanAntigua & Barbuda
91%
CarribeanBarbados
91%
Latin AmericaBelize
91%
South AmericaEcuador
91%
CarribeanGrenada
91%
CarribeanHaiti
91%
CarribeanJamaica
91%
CarribeanTrinidad & Tobago
91%
South AmericaUruguay
91%
CarribeanSt.Vincent/Saint.Vincent
82%

Score Distribution

Percentile by Number Answered

Percent of People with Each Score

Your Score History

You have not taken this quiz since the last reset